Tilastot visalle Liput, joissa on eniten valkoista

Klikkaa tästä pelataksesi tätä visaa!

Yleistilastot

  • Tätä visaa on pelattu 1 938 kertaa
  • Keskiarvotulos 12 / 15

Vastaustilastot

Vastaus% Oikein
Japani
99%
Suomi
99%
Etelä-Korea
96%
Israel
95%
Puola
95%
Kreikka
95%
Kypros
89%
Georgia
73%
Malta
72%
Uruguay
66%
Indonesia
64%
Monaco
62%
Panama
59%
Algeria
53%
Singapore
51%

Tulosjakauma

Persentiili vastausten määrän mukaan

Jokaisen tuloksen saaneiden osuus

Tuloshistoriasi

Et ole pelannut tätä visaa